000 00464ntaaa2200193 4500
003 01
005 20251027202048.0
008 0714s1973 ag 01
040 _aAR-BaBN
_bspa
_cAR-BaBN
_eaacr
_dRIC
082 _a252.0000 B89
100 _aBurchell, E. Ray
_919235
245 _aWords to change lives
250 _a1 ed.
260 _aNew York :
_bAssociation Press,
_cc1957
300 _a128 p
500 _aSermones
700 _aOtros,
_913169
942 _cBK
999 _c15469
_d15469